000 00482nam a2200169Ia 4500
005 20250508161931.0
008 008 250505s9999 xx 000 0 eng d
037 _aBooks to be hide in OPAC
040 _aFEDL
_beng
_cFEDL
041 _aeng
_2eng
084 _a378.545 606, DEL
_qFEDL
245 0 _aFifty-sixth annual report: 1977-78. Vol 2
245 0 _cUniversity of Delhi
300 _a150p.
942 _cHB
_h378.545 606, DEL
999 _c1373327
_d1373327